000 02222cam a2200349 a 4500
999 _c27069
_d27069
001 3310337
003 OSt
005 20170207112636.0
008 830920q17381755enkaef 000 0 eng
010 _a 83461286
040 _aDLC
_cDLC
_dDLC
041 1 _aengita
050 0 0 _aNA2515 .P253 1965
082 0 0 _a720
_219
100 1 _aPalladio, Andrea,
_d1965.
240 1 0 _aQuattro libri dell'architettura.
_lEnglish
245 1 4 _aThe four books of architecture /
_cby Andrea Palladio ... ; literally translated from the original Italian by Isaac Ware ...
260 _aLondon :
_bPrinted for R. Ware ...,
_c1965.
300 _avii, 96 p. :
_bill., plans ;
_c41 cm.
500 _aTranslation of: I quattro libri dell'architettura.
500 _aAdded engraved general t.p., which reads: The four books of Andrea Palladio's architecture ... London : Published by Isaac Ware, MDCCXXXVII. There are also engraved special t.p.'s for books 2-4.
500 _aSignatures: pi1 2pi1 A² b1 B-2F²; 4 engr. t.p.'s.
500 _aThe plates are traced and engraved exactly by Isaac Ware from Palladio's original woodcuts. Cf. t.p. and prelim. p. [5]
505 0 _a(from t.p.) Book I. Containing the five orders and the most necessary observations in building -- Book II. In which the designs of several houses ordered by him ... are comprised, and the designs of the ancient houses of the Greeks and Latins -- Book III. Wherein the ways, bridges, piazzas, basilica's, and xisti are treated of -- Book IV. Describing and figuring the ancient temples that are in Rome and some others that are in Italy and out of Italy.
650 0 _aArchitecture
_xEarly works to 1800.
700 1 _aWare, Isaac,
_d1965.
906 _a7
_bcbc
_corignew
_d2
_encip
_f19
_gy-gencatlg
942 _2lcc
_cBOOKS
_hNA2515 .P253 1965
_k34531